00529nam a2200157Ia 4500008004100000020000500041082002000046100001200066245014900078260006600227300000700293650001900300650001900319700001300338700002000351140316s9999 xx 000 0 und d a a361.954bDAS/DO aDas,N P aDoes community access affect the use of health and family welfare services rural India : national family health survey subject reports number 18 aMumbaibInternational institute for population sciencesc2001 a79 aSocial welfare aSocial welfare aSaha,P K aVinod K Mishra,